000
00341nam a22001457a 4500
008
240205b ||||| |||| 00| 0 eng d
020
_a
6726890
041
_a
eng
080
_2
FOURTH EDITION 1968
_a
575
082
_a
575WHI
100
_a
13
101
_a
BIOKIMI
245
_a
PRINCIPLES OF BIOCHEMISTRY
_c
ABRAHAM WHITE
942
_2
udc
_c
BK
999
_c
60576
_d
60576